00671nam a2200193 a 450000100100000000500170001000800410002702000150006804000250008308200150010810000320012324500660015526000330022130000210025450000630027504900090033895201130034799900170046000002246420200930021628.0101011s2006 cu 000 0 spa d a9591105118 aDO-SdBNPbspacBNPHU axxxbF471b1 aFigarola, Joel James94629513aLa brujería cubana :bel palo monte /cJoel James Figarola. aLa Habana :bOriente,c2006. a314 p. ;c23 cm. aIncluye datos biográficos del autor en la contracubierta aBNPD 001050718MOaGRbGRcCTd2010-10-11iLF1l0oxxx F471bp22464-10r2020-06-25w2020-06-25y1ZNo se presta c21962d21962